Đường thi Quốc âm cổ bản /

Tallennettuna:
Bibliografiset tiedot
Muut tekijät: Nguyễn Xuân Diện (sưu tập và biên dịch.), Trần Ngọc Đông (sưu tập và biên dịch.)
Aineistotyyppi: Sách giấy
Kieli:Vietnamese
Chinese
Julkaistu: Tp. Hồ Chí Minh : Tổng hợp, 2017.
Painos:Tái bản có chỉnh sửa.
Aiheet:
Tagit: Lisää tagi
Ei tageja, Lisää ensimmäinen tagi!
Thư viện lưu trữ: Thư viện Trường Đại học Đà Lạt
LEADER 01098nam a2200349 4500
001 DLU190194122
005 ##20191225
020 # # |a 9786045859087 
040 # # |a DLU  |b vie 
041 # # |a vie  |h chi 
044 # # |a vn 
082 # # |a 895.11  |b Duo 
245 # # |a Đường thi Quốc âm cổ bản /  |c Nguyễn Xuân Diện, Trần Ngọc Đông sưu tập và biên dịch. 
250 # # |a Tái bản có chỉnh sửa. 
260 # # |a Tp. Hồ Chí Minh :  |b Tổng hợp,  |c 2017. 
300 # # |a 558 tr. ;  |c 24 cm. 
504 # # |a Tài liệu tham khảo chính: tr. 547-548. 
505 # # |a Sơ Đường -- Thịnh Đường -- Trung Đường -- Vãn Đường. 
650 # # |a Thơ Đường  |y Triều nhà Đường, 618-907. 
700 # # |a Nguyễn Xuân Diện,  |e sưu tập và biên dịch. 
700 # # |a Trần Ngọc Đông,  |e sưu tập và biên dịch. 
923 # # |a 07/2019 
991 # # |a SH 
992 # # |a 170000 
994 # # |a DLU 
900 # # |a True 
911 # # |a Nguyễn Thanh Hương 
925 # # |a G 
926 # # |a A 
927 # # |a SH 
980 # # |a Thư viện Trường Đại học Đà Lạt